000 00659nam a2200241Ia 4500
003 OSt
005 20220918181601.0
006 a|||||r|||| 00| 0
007 ta
008 220917b |||||||| |||| 00| 0 eng d
024 _a27,721
037 _cTextual
040 _aARTS
_cARTS
_beng
041 _2eng
_aeng
082 _aO111,1M87x, K6
100 _aTambimuttu ed
_958866
245 0 _aFestschrift for Marianne Moor's seventh birthday
260 _aLondon
_bfrank Cass UK
_c1966
300 _a137p. illus
_ccm.
650 _aENGLISH LITERATURE
942 _hO111,1M87x, K6
_cTEXL
_2CC
999 _c166139
_d166139